00362nam a2200133Ia 4500008004100000020001500041041001200056082002200068100002900090245003600119260002700155300001800182650002800200231217s9999 xx 000 0 und d a8178810573 aEnglish a346.004 NAI;1 R aNaidu, Kumar Swamy G ed. 0aEquity markets : a new paradigm c2004bIcfaiaHyderabad axiii, 185+A14 aEquity,markets,paradigm